Smolenické jaskyne "DRINY" perla Malých Karpát

Zobrazenie: Pohľad v bielom orámovaní na krasovú výzdobu vo vnútri jaskyne

Bibliographic Details
Format: Photo
Language:Slovak
PhysicalDescription:1 pohľadnica tónovaná do zelena 9 x 15 cm
Published: [Bratislava] Slovakotour 1948
Subjects:

MARC

LEADER 00000ckm a2200000 a 4500
001 vtls011768646
003 SK-MaSNL
005 20260301095917.0
007 kf ao
008 240221s1948 xo g kuslo
015 |a SNBG1948 
035 |a urn:nbn:sk:snk-km00eaaj 
035 |a urn:nbn:sk:snk-km43gvo 
035 |a 8BDE0DAA-CB45-4790-BFF9-9138D6FA14D3 
040 |a SNK  |b slo  |c SNK  |e AACR2 
041 0 |a slo 
043 |a e-xo--- 
044 |a xo  |c SK 
072 7 |a 908(437)  |x Vlastiveda Česka a Slovenska  |2 konspekt 
080 |a 908(437.6)  |2 2011 
080 |a 551.442  |2 2011 
080 |a (084.121)  |2 2011 
245 0 0 |a Smolenické jaskyne "DRINY"  |h grafika  |b perla Malých Karpát 
260 |a [Bratislava]  |b Slovakotour  |c 1948 
300 |a 1 pohľadnica  |b tónovaná do zelena  |c 9 x 15 cm 
520 8 |a Zobrazenie: Pohľad v bielom orámovaní na krasovú výzdobu vo vnútri jaskyne 
650 0 7 |a jaskyne  |2 SNKPH  |9 20772 
651 7 |a Driny (Slovensko : jaskyňa)  |2 SNKPHgeo  |9 15959 
651 7 |a Smolenický kras (Slovensko)  |2 SNKPHgeo  |9 164952 
655 7 |a geografické pohľadnice  |2 SNKPH  |9 70522 
852 |a Slovenská národná knižnica 
958 |a EUIPO 
958 |a GBN 
958 |a GC 
958 |a OND 
999 |c 684513  |d 686443 
952 |a SNK  |b SNK  |y PREZ  |7 0  |p 17A1220235  |o snkSP 7423 D1  |0 0  |1 0  |4 0  |d 2018-07-24  |l 0  |r 2026-02-23 20:08:25  |w 2026-02-23 
952 |a SNK  |b SNK  |y PREZ  |7 0  |p 17A1220296  |o snkSP 7423  |z Pohľadnica prešla poštou.  |0 0  |1 0  |4 0  |d 2020-01-28  |f 1  |l 0  |r 2026-02-23 20:08:25  |w 2026-02-23